000 01412nam a2200229Ia 4500
003 Ost
005 20260507075604.0
008 260507s9999||||xx |||||||||||||| ||und||
020 _a9789777332033
040 _cfsecg
041 _aara
082 _a657.95
100 _aسلمان، عباس علي
_eمؤلف
245 0 _aمسؤولية مراقب الحسابات في مكافحة الفساد في الشركة المساهمة :
_bدراسة مقارنة /
_c عباس علي سلمان
260 _aالإسكندرية:
_bدار التعليم الجامعي;مكتب الهاشمي للكتاب الجامعي,
_c2018
300 _a198 صفحة؛
_c24 سم
504 _aملاحق ص.187 ببليوغرافيا ص.191
520 _a تناول هذا الكتاب موضوع مسؤولية مراقب الحسابات في مكافحة الفساد في الشركات المساهمة، حيث تحدث في الفصل الأول عن الاطار القانوني لمركز مراقب الحسابات في الشركات المساهمة ، في حين خصص الفصل الثاني للفساد في الشركة المساهمة وغسيل الأموال، وفي الفصل الثالث المسؤولية القانونية لمراقب الحسابات.
653 _aالشركات المساهمة - محاسبة
653 _aالفساد الإداري
942 _cكتاب
999 _c45035
_d45035